Statistics for Random Logo Quiz

Click here to take the quiz!

General Stats

  • This quiz has been taken 113 times
  • The average score is 14 of 15

Answer Stats

Answer% Correct
Spotify
98%
Instagram
97%
Monster
97%
Netflix
97%
Twitter
97%
Youtube
97%
Apple
95%
Google
95%
Starbucks
95%
Amazon
93%
Android
93%
Tesla
93%
Minecraft
92%
Snapchat
92%
Jet Punk
82%

Score Distribution

Percentile by Number Answered

Percent of People with Each Score

Your Score History

You have not taken this quiz